000 00370cam a22001097a 4500
008 180718b1971 xxu||||| |||| 00| 0 eng d
082 _aT068x54 In2/191
245 _aTables with notes on consumer expenditure in Urban areas
_cby Cabinet Secretariant
260 _aDelhi
_bThe Manager Government of India Press
_c1971
300 _a40p.
700 _aIndia.Cabinet Secretariant
999 _c497179
_d497179